Hinduism and monotheistic religions / (Record no. 41051)

MARC details
000 -LEADER
fixed length control field 00708nam a22002177a 4500
005 - DATE AND TIME OF LATEST TRANSACTION
control field 20100811144621.0
010 ## - LCCN (DPL NO)
LC control number ENG-99463
020 ## - INTERNATIONAL STANDARD BOOK NUMBER
International Standard Book Number 9788185990873
Terms of availability 450.00
035 ## - SYSTEM CONTROL NUMBER
System control number EN-82995
037 ## - SOURCE OF ACQUISITION
Source of stock number/acquisition DBAD/PUB
082 ## - DEWEY DECIMAL CLASSIFICATION NUMBER
Classification number 230
100 ## - MAIN ENTRY--PERSONAL NAME
Personal name Ram Swarup
245 ## - TITLE STATEMENT
Title Hinduism and monotheistic religions /
Statement of responsibility, etc by,Ram Swarup;foreword by David Frawley
260 ## - PUBLICATION, DISTRIBUTION, ETC. (IMPRINT)
Place of publication, distribution, etc New Delhi
Name of publisher, distributor, etc Voice of India
Date of publication, distribution, etc 2009
270 ## - ADDRESS
Address 2/18,Ansari Road
City New Delhi
300 ## - PHYSICAL DESCRIPTION
Extent 550p.
Dimensions 24 (pbk)
500 ## - GENERAL NOTE
General note Includes index
700 ## - ADDED ENTRY--PERSONAL NAME
Personal name Frawley,David
9 (RLIN) 11123
942 ## - ADDED ENTRY ELEMENTS (KOHA)
Source of classification or shelving scheme Dewey Decimal Classification
Item type English Books
Classification part 230
Call number suffix SWA
Holdings
Withdrawn status Lost status Not for loan Collection code Home library Current library Date acquired Source of acquisition Cost, normal purchase price Full call number Barcode Copy number Cost, replacement price Koha item type
    Not For Loan Non-fiction D.B.Act.Division D.B.Act.Division 11/08/2010 DBAD / PUB 450.00 230 SWA EN-82995 1 450.00 English Books

© Delhi Public Library
Hit Counter
free hit counter